000 00512nam a2200181Ia 4500
005 20250423101342.0
008 250422s9999 xx 000 0 und d
020 _a9781600815447
050 _aPE 1628 .N42733/
245 4 _aThe new international Webster's comprehensive dictionary of the English language
250 _adeluxe encyclopedic edition
260 _aNaples, FL.
260 _bTrident Press
260 _c2013
300 _a1674 p
650 _aENGLISH LANGUAGE - DICTIONARIES
942 _cBK
999 _c36054
_d36054